000 00314nam a22001337a 4500
008 170922b xxu||||| |||| 00| 0 eng d
020 _a087722370X
041 _aeng
080 _a37
100 _a46
101 _aEDU
245 _aIDEOLOGY, CULTURE, AND THE PROCESS OF SCHOOLING
_cGIROUX, H.A
942 _2udc
_cBK
999 _c28980
_d28980